01347nam a2200337 a 4500001001200000003000800012006001900020007001500039008004100054010001700095020001500112020001500127020001800142020002700160040002100187035002100208050002300229100002100252245007900273260008500352300002400437490005500461504005100516533015200567650002800719650003400747655002900781710001700810830005600827856012600883ebr10516721CaPaEBRm u cr cn|||||||||070223s2006 vauad sb 001 0 eng d z 2007531073 z1563478323 z1563476975 z9781563476976 z9781600864636 (e-book) aCaPaEBRcCaPaEBR a(OCoLC)31358974014aTA664b.H64 2006eb1 aHodges, Dewey H.10aNonlinear composite beam theoryh[electronic resource] /cDewey H. Hodges. aReston, Va. :bAmerican Institute of Aeronautics and Astronautics, Inc.,cc2006. axii, 304 p. :bill.1 aProgress in astronautics and aeronautics ;vv. 213 aIncludes bibliographical references and index. aElectronic reproduction.bPalo Alto, Calif. :cebrary,d2013.nAvailable via World Wide Web.nAccess may be limited to ebrary affiliated libraries. 0aComposite construction. 0aGirdersxMathematical models. 7aElectronic books.2local2 aebrary, Inc. 0aProgress in astronautics and aeronautics ;vv. 213.40uhttp://site.ebrary.com/lib/rucke/Doc?id=10516721zAn electronic book accessible through the World Wide Web; click to view